| 000 | 00576nam a22001937a 4500 | ||
|---|---|---|---|
| 999 |
_c13468 _d13468 |
||
| 003 | AR-CdUCM | ||
| 008 | 190415b ||||| |||| 00| 0 spa d | ||
| 020 | _a84-7185-114-8 | ||
| 040 |
_aMUNICIPALIDAD PROVINCIAL DEL CUSCO _cBIBLIOTECA MUNICIPAL DEL CUSCO |
||
| 082 |
_a868.60 / _bM86 |
||
| 100 |
_aMoreno Jimeno, Manuel _915054 |
||
| 245 | _aLas Llamas de la Sangre / | ||
| 260 |
_aMadrid : _bInsula ; _c1974. |
||
| 300 |
_a86 páginas ; _c28cm |
||
| 505 | _aContenido: Poesía | ||
| 650 |
_aLiteratura española _9362 |
||
| 942 |
_2ddc _cLIBROS |
||
| 945 |
_anom _d2019-04-15 |
||